Operating systems theory /
Guardado en:
| Autor Principal: | |
|---|---|
| Otros Autores: | |
| Formato: | Libro |
| Idioma: | English |
| Publicado: |
Englewood Cliffs, N.J. :
Prentice-Hall,
c1973.
|
| Series: | Prentice-Hall series in automatic computation
|
| Etiquetas: |
Agregar Etiqueta
Sin Etiquetas, Sea el primero en etiquetar este registro!
|
| LEADER | 00682cam a22001935 4500 | ||
|---|---|---|---|
| 001 | MAT.inmabb002120 | ||
| 008 | 730104s1973####njua#####b####001#0#eng#d | ||
| 005 | 20160606170124.0 | ||
| 245 | 1 | 0 | |a Operating systems theory / |c Edward G. Coffman, Jr., Peter J. Denning. |
| 260 | |a Englewood Cliffs, N.J. : |b Prentice-Hall, |c c1973. | ||
| 300 | |a xvi, 331 p. : |b il. ; |c 24 cm. | ||
| 440 | 0 | |a Prentice-Hall series in automatic computation | |
| 504 | |a Incluye referencias bibliográficas. | ||
| 020 | |a 0136378684 | ||
| 100 | 1 | |a Coffman, E. G. |q (Edward Grady), |d 1934- | |
| 700 | 1 | |a Denning, Peter J., |d 1942- | |
| 084 | |a 68N25 |2 msc2000 | ||
| 010 | |a 73000018 | ||
| 859 | |h 68 |i C675 |p A-3776 |b BIB. MATEMATICA | ||
